Côn trùng và nhện hại cây trồng

保存先:
書誌詳細
第一著者: Nguyễn, Mạnh Chinh
フォーマット: 図書
言語:Undetermined
出版事項: Hà Nội Nông nghiệp 2005
主題:
タグ: タグ追加
タグなし, このレコードへの初めてのタグを付けませんか!
Thư viện lưu trữ: Trung tâm Học liệu Trường Đại học Cần Thơ
LEADER 00602nam a2200193Ia 4500
001 CTU_100621
008 210402s9999 xx 000 0 und d
020 |c 7500 
082 |a 632.7 
082 |b Ch312/Q.6 
100 |a Nguyễn, Mạnh Chinh 
245 0 |a Côn trùng và nhện hại cây trồng 
245 0 |c Nguyễn Mạnh Chinh, Mai Văn Quyền, Nguyễn Đăng Nghĩa 
260 |a Hà Nội 
260 |b Nông nghiệp 
260 |c 2005 
650 |a Insect pests,Côn trùng 
904 |i Hiếu 
980 |a Trung tâm Học liệu Trường Đại học Cần Thơ